LEADER 02752nam 2200613 450 001 9910463010103321 005 20200520144314.0 010 $a90-272-7087-2 035 $a(CKB)2670000000429175 035 $a(EBL)1420599 035 $a(SSID)ssj0001101085 035 $a(PQKBManifestationID)11633174 035 $a(PQKBTitleCode)TC0001101085 035 $a(PQKBWorkID)11068439 035 $a(PQKB)10486929 035 $a(MiAaPQ)EBC1420599 035 $a(Au-PeEL)EBL1420599 035 $a(CaPaEBR)ebr10769387 035 $a(CaONFJC)MIL523965 035 $a(OCoLC)859388993 035 $a(EXLCZ)992670000000429175 100 $a20131008h20132013 uy| 0 101 0 $aeng 135 $aur|n|---||||| 181 $ctxt 182 $cc 183 $acr 200 00$aEssays on the sound pattern of English /$fedited by Didier L. Goyvaerts, University of Antwerp, UIA and University of Brussels, VUB, and Geoffrey K. Pullum. University College London 210 1$aAmsterdam :$cJohn Benjamins Publishing Co.,$d[2013] 210 4$d©2013 215 $a1 online resource (590 p.) 225 1 $aStudies in the Sciences of Language Series 300 $aOriginally published: Ghent : E. Story-Scientia, 1975. 311 $a1-299-92714-9 311 $a90-6439-116-5 320 $aIncludes bibliographies and indexes. 327 $apt. 1. The sound pattern of English reviewed -- pt. 2. The stress system of English -- pt. 3. The vowel system of English -- pt. 4. Fundamental principles of phonology. 330 $aThis book is a collection of readings in phonological theory with special reference to English. The essays it contains are all concerned to a significant extent with discussion and criticism of the theory of phonology developed by Noam Chomsky and Morris Halle in their monograph The Sound Pattern of English. The aim in compiling this collection has been to bring together new papers, and papers that were previously only available in informal duplicated form or in comparatively inaccessible publications. This collection is of value to anyone teaching or studying English or general linguis 410 0$aStudies in the Sciences of Language Series 606 $aEnglish language$xPhonology 606 $aGrammar, Comparative and general$xPhonology 608 $aElectronic books. 615 0$aEnglish language$xPhonology. 615 0$aGrammar, Comparative and general$xPhonology. 676 $a421.5 701 $aGoyvaerts$b D. L.$f1946-$0854769 701 $aPullum$b Geoffrey K$0164471 801 0$bMiAaPQ 801 1$bMiAaPQ 801 2$bMiAaPQ 906 $aBOOK 912 $a9910463010103321 996 $aEssays on the sound pattern of English$91908593 997 $aUNINA LEADER 01088nam a2200229 i 4500 001 991000732009707536 008 050104s2004 it 00 0 eng d 035 $ab13264503-39ule_inst 040 $aSet. Economia$bita 082 04$a332 100 1 $aGonzález de Lara, Yadira$0496069 245 10$aInstitutions for contract enforcements and risk-sharing :$bfrom debt to equity in late medieval Venice /$cYadira González de Lara 260 $aRoma :$bEnte per gli studi monetari, bancari e finanziari Luigi Einaudi,$c2004 300 $a45 p. ;$c24 cm 490 $aTemi di ricerca / Ente per gli studi monetari, bancari e finanziari Luigi Einaudi ;$v34 650 4$aContratti finanziari$zVenezia$xModelli matematici 907 $a.b13264503$b24-01-18$c04-01-05 912 $a991000732009707536 945 $aLE025 ECO 332 GON01.01$g1$i2025000096653$lle025$nCatalogato 2018$og$pE10.00$q-$rl$s- $t0$u0$v0$w0$x0$y.i13978470$z04-01-05 996 $aInstitutions for contract enforcements and risk-sharing$91064360 997 $aUNISALENTO 998 $ale025$b04-01-05$cm$da $e-$feng$git $h0$i0